Представление документа в формате RUSMARC

ПолеНазваниеЗначение
  Тип записи a
  Библиографический уровень a
001 Контрольный номер RU/УОНБ/EK_Kray/610554794
005 Дата корректировки 20240131004908.4
100 Данные общей обработки __
a Данные общей обработки 20190507d2019 ||| 0rusy0189 ca
101 Язык документа 0_
a Язык текста rus
102 Страна публикации __
a Страна публикации RU
105 Кодированные данные (монография) __
a Кодированные данные (монография) y###||||000|y
200 Заглавие и сведения об ответственности 1_
a Заглавие Природа должна оставаться главным украшением Димитровграда
e Сведения, относящиеся к заглавию беседа с министром природы и цикличной экономики Ульяновской области Д.В. Федоровым
f Первые сведения об ответственности Дмитрий Васильевич Федоров
g Последующие сведения об ответственности записал корр. газ
215 Физическое описание __
c Иллюстрации/тип воспроизводства 2 фот.
330 Аннотация __
a Аннотация о благоустройстве и экологической культуре города
461 Уровень набора _0
1 2000
a Димитровград
1 011
463 Уровень физической единицы _0
1 001RU/УОНБ/EK_Kray/610554115
1 2000
a 29 марта
v С.4-5
1 210
d 2019
600 Персоналии _1
a Персоналии (Фамилия) Федоров, Дмитрий Васильевич
607 Географические рубрики __
a Географическое наименование Димитровград, город
610 Ключевые слова 0_
a Ключевые слова экологическая программа
610 Ключевые слова 0_
a Ключевые слова озеленение города
610 Ключевые слова 0_
a Ключевые слова природопользования и экологии
686 Индексы других классификаций __
a Классификационный индекс 20.1
2 Код системы rubbk
700 Автор _1
a Фамилия Федоров
b Имя (инициалы) Д.В.
g Полное личное имя Дмитрий Васильевич
4 Код отношения 460
801 Источник записи _0
a Страна RU
b Организация Ульяновская ОНБ
c Дата составления 20190507
g Правила каталогизации RCR
801 Источник записи _1
a Страна RU
b Организация Ульяновская ОНБ
c Дата составления 20190507
g Правила каталогизации RCR
901 Тип документа __
t Тип документа b
w Контрольный № источника RU/УОНБ/EK_Kray/610554115
909 Создатель записи __
a Создатель записи Уба
938 Служебная информация __
a Имя БД kraeved_work
b Имя библиотеки УОНБ
c Имя АИБС МАРК-SQL
d Номер DOC_ID в БД 136372